| 000 | 00735cam a2200205 i 4500 | ||
|---|---|---|---|
| 001 | 20127898 | ||
| 005 | 20241022163809.0 | ||
| 008 | 170914s2017 enk 001 0 eng | ||
| 020 | _a9780414064744 (set) | ||
| 050 | 0 | 0 |
_aHF5626 _b.I56 2017 |
| 245 | 0 | 0 |
_aInsights into IFRS : _bKPMG's practical guide to International financial reporting standards / _cThe KPMG International Standards Group. |
| 250 | _a14th editon 2017/18 | ||
| 300 |
_a2 volumes ; _c25 cm |
||
| 500 | _aIncludes index. | ||
| 500 | _aIssues for 12th edition (2015/16)-excluding the 14th edition-cataloged as a serial in LC. | ||
| 650 | 0 |
_aAccounting _xStandards. |
|
| 650 | 0 |
_aFinancial statements _xStandards. |
|
| 710 | 2 | _aKPMG International. | |
| 942 |
_2lcc _cBK _n0 |
||
| 999 |
_c115 _d115 |
||